[Event "Toronto NAYCC U08"]
[Site "Toronto"]
[Date "2013.08.15"]
[Round "2"]
[White "Gan, David"]
[Black "Lalwani, Jay"]
[Result "0-1"]
[WhiteElo "731"]
[BlackElo "1509"]
[PlyCount "130"]
[EventDate "2013.08.14"]
[EventType "swiss"]
[EventRounds "9"]
[EventCountry "CAN"]
[SourceTitle "EXT 2022"]
[Source "ChessBase"]
[SourceDate "2021.10.06"]
[SourceVersion "1"]
[SourceVersionDate "2021.10.06"]
[SourceQuality "1"]

1. e4 c5 2. Nf3 d6 3. d4 cxd4 4. Nxd4 Nf6 5. Nc3 a6 6. h3 e5 7. Nf3 b5 8. a3 Bb7 9. Bd3 Nbd7 10. 0-0 Nc5 11. Re1 Be7 12. b4 Ne6 13. Re3 0-0 14. Bb2 Nf4 15. Ne2 Nxe2+ 16. Bxe2 Nxe4 17. Bd3 Nf6 18. Qe2 Nd5 19. Re4 Nf4 20. Qe1 Bxe4 21. Qxe4 f5 22. Qe3 Nd5 23. Qe2 e4 24. Bxe4 fxe4 25. Qxe4 Nf6 26. Qe6+ Kh8 27. Ng5 Qe8 28. Qf5 Qg6 29. Qxg6 hxg6 30. Ne6 Rfc8 31. Rc1 a5 32. c3 axb4 33. cxb4 Rxc1+ 34. Bxc1 Ne4 35. Bb2 Nd2 36. Bxg7+ Kg8 37. Bb2 Nc4 38. Nc7 Ra4 39. Bd4 Nxa3 40. Nd5 Kf7 41. f4 Nc2 42. Bc3 Ke6 43. Nxe7 Kxe7 44. g4 Nxb4 45. h4 Nd3 46. h5 Nxf4 47. Kf2 gxh5 48. gxh5 Nxh5 49. Ke2 b4 50. Bd4 b3 51. Kd2 Rxd4+ 52. Kc3 b2 53. Kxb2 Rc4 54. Kb3 Rc8 55. Kb4 d5 56. Kb5 Kd6 57. Kb6 Rb8+ 58. Ka5 Kc5 59. Ka4 Kc4 60. Ka5 Nf6 61. Ka6 Nd7 62. Ka7 Kc5 63. Ka6 d4 64. Ka7 Kc6 65. Ka6 Ra8# 0-1

[Event "Toronto NAYCC U08"]
[Site "Toronto"]
[Date "2013.08.15"]
[Round "3"]
[White "Lalwani, Jay"]
[Black "Lu, Maximillian"]
[Result "1/2-1/2"]
[WhiteElo "1509"]
[BlackElo "1655"]
[PlyCount "39"]
[EventDate "2013.08.14"]
[EventType "swiss"]
[EventRounds "9"]
[EventCountry "CAN"]
[SourceTitle "EXT 2022"]
[Source "ChessBase"]
[SourceDate "2021.10.06"]
[SourceVersion "1"]
[SourceVersionDate "2021.10.06"]
[SourceQuality "1"]

1. e4 c5 2. Nf3 d6 3. d4 cxd4 4. Nxd4 Nf6 5. Nc3 a6 6. Bg5 e6 7. f4 Be7 8. Qf3 Nbd7 9. 0-0-0 Qc7 10. Bd3 b5 11. Rhe1 Bb7 12. Qg3 h6 13. Bh4 Nh5 14. Qg4 Bxh4 15. Qxh4 Nhf6 16. f5 e5 17. Nf3 Rc8 18. a3 Ba8 19. g4 Rh7 20. h3 1/2-1/2